000
00298nam a2200109Ia 4500
005
20251222144757.0
008
251222s9999||||xx |||||||||||||| ||spa||
082
_a
338.209.85/S64
245
0
_a
Perú Mineroenergético:
264
_b
Sociedad Nacional de Minería, Petróleo y Energía
942
_c
LIB
999
_c
19588
_d
19588